000 00866nam a2200217 i 4500
001 156977
003 ES-MaACL
005 20230906210539.0
008 190918s1968 sp |||| | spa d
080 _a917:(263.4)"17"
100 1 _aEvia, José de.
_9168267
245 1 0 _aJosé de Evia y sus reconocimientos del golfo de México, 1783-1796 /
_cedición, estudio y notas por Jack D.L. Holmes.
260 _aMadrid :
_bJosé Porrúa Turanzas,
_c1968.
300 _aXVI, 264 p. :
_bil., mapas pleg. ;
_c26 cm.
490 1 _aColección "Chimalistac" de libros y documentos acerca de la Nueva España ;
_v26
651 4 _aMéxico (Golfo)
_9168268
700 1 _aHolmes, Jack David Laurus.
_9168248
830 1 _aColección "Chimalistac" de libros y documentos acerca de la Nueva España ;
_v26
_9182539
852 4 _aES-MaACL
_jP-798-24
999 _c156977
_d156977